000 00435nam a2200169Ia 4500
003 GCL
008 140319s9999 xx 000 0 eng d
040 _aGCL /
_cGCL
082 0 4 _a956
_bC H
100 1 _aCLEVELAND, W. L.
245 1 0 _aA HISTORY OF THE MODERN MIDDLE EAST /
_cCLEVELAND, W. L.
260 _a[S.N] :
_bWESTVIEW PRESS
300 _a479 P
650 0 4 _aHISTORY 20TH CENTURY
650 0 4 _aMIDDLE EAST
942 _2ddc
_cBK
999 _c17521
_d17521